Maximized manhood : (Record no. 3424)
[ view plain ]
| 000 -LEADER | |
|---|---|
| fixed length control field | 00607nam a2200217Ia 4500 |
| 001 - CONTROL NUMBER | |
| control field | 9671811 |
| 003 - CONTROL NUMBER IDENTIFIER | |
| control field | OCoLC |
| 005 - DATE AND TIME OF LATEST TRANSACTION | |
| control field | 20181113104807.0 |
| 008 - FIXED-LENGTH DATA ELEMENTS--GENERAL INFORMATION | |
| fixed length control field | 830706s1982 cau 000 0 eng d |
| 020 ## - INTERNATIONAL STANDARD BOOK NUMBER | |
| International Standard Book Number | 0883681072 |
| 040 ## - CATALOGING SOURCE | |
| Original cataloging agency | TBI |
| Transcribing agency | TBI |
| Modifying agency | STU |
| 082 ## - DEWEY DECIMAL CLASSIFICATION NUMBER | |
| Classification number | 248.4 |
| Item number | C689M |
| 090 ## - LOCALLY ASSIGNED LC-TYPE CALL NUMBER (OCLC); LOCAL CALL NUMBER (RLIN) | |
| Classification number (OCLC) (R) ; Classification number, CALL (RLIN) (NR) | BV4526.2 |
| Local cutter number (OCLC) ; Book number/undivided call number, CALL (RLIN) | .C65 |
| 100 1# - MAIN ENTRY--PERSONAL NAME | |
| Personal name | Cole, Edwin Louis. |
| 245 10 - TITLE STATEMENT | |
| Title | Maximized manhood : |
| Remainder of title | a guide to family survival / |
| Statement of responsibility, etc. | Edwin Louis Cole. |
| 260 ## - PUBLICATION, DISTRIBUTION, ETC. | |
| Place of publication, distribution, etc. | [Springdale, PA. : |
| Name of publisher, distributor, etc. | Whitaker House], |
| Date of publication, distribution, etc. | [1982] |
| 300 ## - PHYSICAL DESCRIPTION | |
| Extent | 176 p. ; |
| Dimensions | 18 cm. |
| 650 #0 - SUBJECT ADDED ENTRY--TOPICAL TERM | |
| Topical term or geographic name entry element | Families |
| General subdivision | Religious life. |
| 650 #0 - SUBJECT ADDED ENTRY--TOPICAL TERM | |
| Topical term or geographic name entry element | Men |
| General subdivision | Religious life. |
| 942 ## - ADDED ENTRY ELEMENTS (KOHA) | |
| Source of classification or shelving scheme | Dewey Decimal Classification |
| Koha item type | Books |
| Withdrawn status | Lost status | Source of classification or shelving scheme | Damaged status | Not for loan | Collection code | Home library | Current library | Shelving location | Date acquired | Cost, normal purchase price | Total Checkouts | Full call number | Barcode | Date last seen | Price effective from | Koha item type |
|---|---|---|---|---|---|---|---|---|---|---|---|---|---|---|---|---|
| Dewey Decimal Classification | Non-fiction | Harvest Mission College | Harvest Mission College | General Stacks | 13.11.2018 | 280.00 | 248.4 C689M | 003998 | 13.11.2018 | 13.11.2018 | Books | |||||
| Dewey Decimal Classification | Non-fiction | Harvest Mission College | Harvest Mission College | General Stacks | 20.01.2021 | 248.4 C689M | 010621 | 20.01.2021 | 20.01.2021 | Books |
